| 000 | 01132nam a22001937a 4500 | ||
|---|---|---|---|
| 008 | 240408t2024 xxk|||||o|||| 00| 0 eng d | ||
| 041 | _aeng | ||
| 110 | _aRoyal Institution of Chartered Surveyors | ||
| 245 |
_aUK Facilities Management Survey: _bQ1 2024 _h[Electronic resource] |
||
| 260 |
_aLondon, _bRoyal Institution of Chartered Surveyors, _c2 April 2024 |
||
| 300 | _a5p. | ||
| 520 | _aA quarterly indicator of demand, activity and sentiment across the facilities management industry. Based on responses from facilities managers, service providers and FM consultancies, it details sentiment across different sectors within facilities management, the experience of businesses and professionals, and expectations of which services will be most in demand. | ||
| 650 | _aFACILITIES MANAGEMENT | ||
| 651 | _aUnited Kingdom | ||
| 690 |
_aFacilities management _96240 |
||
| 710 | _aRoyal Institution of Chartered Surveyors | ||
| 856 |
_uhttps://www.rics.org/content/dam/ricsglobal/documents/market-surveys/uk-facilities-management-survey/q1-2024-rics-facilities-management-survey.pdf _zAvailable free on RICS.org |
||
| 942 | _n0 | ||
| 999 |
_c121897 _d121897 |
||